000 00548pab a2200181 454500
008 180718b2007 xxu||||| |||| 00| 0 eng d
100 _aAl-Samarrai, Samer
245 _aWhere has all the education gone in Sub-Saharan Africa? Employment and other outcomes among secondary school and university leavers
260 _c2007
300 _ap.1270-300
362 _aOct
650 _aEducation - Sub-Saharan Africa
650 _aEducation
700 _aBennell, Paul
773 _aJournal of Development Studies
908 _aN
909 _a76698
999 _c76698
_d76698